| 000 | 00353 a2200121 4500 | ||
|---|---|---|---|
| 000 | nam a22 7a 4500 | ||
| 005 | 20260313094652.0 | ||
| 020 | _a9781032182735 | ||
| 100 |
_aH.Conway, john _91131915 |
||
| 245 | _aThe magic theorm ca g reality expanded much-abridged edition of the symmetries of things | ||
| 260 |
_bRoutledge _c2025 |
||
| 942 | _cTEXL | ||
| 999 |
_c1715290 _d1715290 |
||